Arqueología de un lugar de pasaje hacia el inframundo /
La presente investigación parte de diferentes estudios arqueológicos llevados a cabo en un sitio funerario de Michoacán, México, centrando su interés en la expresión material de la concepción de la muerte y del inframundo, con la finalidad de demostrar que es posible relacionar la configuración de e...
Bewaard in:
| Hoofdauteur: | |
|---|---|
| Formaat: | Texto |
| Onderwerpen: | |
| Tags: |
Voeg label toe
Geen labels, Wees de eerste die dit record labelt!
|
MARC
| LEADER | 00000 a a2200000 04500 | ||
|---|---|---|---|
| 001 | 42450 | ||
| 003 | |||
| 040 | |||
| 100 | |a Pereira, Grégory | ||
| 245 | |a Arqueología de un lugar de pasaje hacia el inframundo / |c Grégory Pereira | ||
| 520 | |a La presente investigación parte de diferentes estudios arqueológicos llevados a cabo en un sitio funerario de Michoacán, México, centrando su interés en la expresión material de la concepción de la muerte y del inframundo, con la finalidad de demostrar que es posible relacionar la configuración de espacios funerarios y los diferentes elementos que los componen, con aspectos de la geografía del inframundo mesoamericano. | ||
| 590 | |a SJB/MARZO2012 | ||
| 650 | |a 1.CULTURA | ||
| 650 | |a 2.MUERTE | ||
| 650 | |a 3.CREENCIA | ||
| 650 | |a 4.ARQUEOLOGIA | ||
| 650 | |a 5.INVESTIGACION | ||
| 650 | |a 6.ETNOGRAFIA | ||
| 650 | |a 7.MEXICO | ||
| 773 | |g número58 ( , 2010), páginas 19-28 : fotos, mapas | ||
| 999 | |c 29381 |d 29381 | ||
